Normal view
MARC view
Entry Personal Name
001 - CONTROL NUMBER
- control field: 18751
003 - CONTROL NUMBER IDENTIFIER
- control field: BD-DhEWU
005 - DATE AND TIME OF LATEST TRANSACTION
- control field: 20141111113847.0
008 - FIXED-LENGTH DATA ELEMENTS
- fixed length control field: 141111|| aca||aabn | a|a d
040 ## - CATALOGING SOURCE
- Original cataloging agency: BD-DhEWU
- Transcribing agency: BD-DhEWU
100 ## - HEADING--PERSONAL NAME
- Personal name: ইসলাম, মোস্তফা তারিকুল
- Miscellaneous information: Mostofa Tarikul Islam
670 ## - SOURCE DATA FOUND
- Source citation: Work cat.: (BD-DhEWU): ইসলাম, মোস্তফা তারিকুল Mostofa Tarikul Islam, রবীন্দ্রনাথঃ 'কণিকা', 'খাপছাড়া' ও স্ফুলিঙ্গ /, 2011.